Logo biblioteca
Santa Fe 2917, Rosario, Santa Fe
Lu-Vi 8 a 19.45
+54-341-4232362
bibliotecaeudoro@gmail.com
Facebook Biblioteca Pedagógica
Sitio web

Linterna : (Registro nro. 32765)

Detalles MARC
000 -CABECERA
campo fijo de control de longitud 00772nam a22002411a 4500
001 - NÚMERO DE CONTROL
campo de control 32765
003 - IDENTIFICADOR DEL NÚMERO DE CONTROL
campo de control AR-RoBPED
005 - FECHA Y HORADE LA ULTIMA TRANSACCION
campo de control 20260514131912.0
007 -
campo fijo de control de longitud ta
008 - ELEMENTOS DE LONGITUD FIJA--INFORMACION GENERAL
campo fijo de control de longitud 060307s1957 ag a|||br|||||||1 m|spa
040 ## - FUENTE CATALOGADORA
Centro catalogador/agencia de origen AR-BaBN
Convenciones de descripción aacr
Agencia que realiza la modificación AR-RoBPED
041 ## - IDIOMA
Código de idioma para texto/pista de sonido o título independiente spa
100 ## - ENCABEZAMIENTO PRINCIPAL--AUTOR PERSONAL
Nombre de persona Franchi, Luis
9 (RLIN) 30847
245 10 - TITULO
Título Linterna :
Subtítulo libro de lectura para quinto grado /
Mención de responsabilidad Luis Franchi ; ilustraciones de Cerda Carretero.
260 ## - PUBLICACION
Lugar Buenos Aires :
Editor Librería del Colegio,
Fecha 1957.
300 ## - DESCRIPCION FISICA
Extensión 190 p. :
Otros detalles físicos il.
650 #4 - TERMINO DE MATERIA--CONTROLADO
Término controlado ARCHIVO INFANTIL
9 (RLIN) 24464
Término controlado QUINTO GRADO
9 (RLIN) 1623
Término controlado LIBROS DE LECTURA
9 (RLIN) 15325
700 1# - ENCABEZAMIENTO SECUNDARIO--AUTOR PERSONAL
Nombre de persona Cerda Carretero
9 (RLIN) 30928
942 ## - ELEMENTOS KOHA
Fuente de clasificación Universal Decimal Classification
Número Koha K. 32765
Koha tipo de ítem Libro
Clasificación 372.4
Pre signatura IA
Signatura librística F 81
N° inventario Inv. 42443
945 ## - PROCESAMIENTO DE LA INFORMACIÓN LOCAL
Catalogador y fecha nn 14/05/2026 - cd 14/05/2026
Existencias
Estado retirado Estado perdido Fuente de clasificación Estado dañado No se presta Biblioteca propietaria Biblioteca de reserva Fecha de adquisición Procedencia Total de préstamos Signatura topográfica completa Código de barras (nº de inventario) Fecha visto por última vez Catalogador y fecha Tipo de ítem Koha Nota pública
    Universal Decimal Classification   No se presta Biblioteca Pedagógica Eudoro Díaz Biblioteca Pedagógica Eudoro Díaz 12/05/2026 donación   IA 372.4 F 81 42443 14/05/2026 nn 14/05/2026 Libro No se presta